00608nam a22002057a 450000500170000001000130001702000210003003500130005103700160006404000120008008200150009210000140010724500890012126000390021027000350024930000210028450000510030565000240035665000220038020170124110246.0 aA-369754 c00.00a812020218 aA-369754 bCen Lib/Ret aDPLbEN a375.4bSOO aSood, S.C aNew directions in english language and literature teaching in India /cby S.C. Sood  aDelhi bAjanta Publications c1988 aDelhi bJavahar Nagar e110007 a144p. c20cm(Hb) aincludes bibliographical references and index  aEnglish literature  aEnglish language